Scaleup of Chemical Processes : Conversion from Laboratory Scale Tests to Successful Commercial Size Design /

Guardat en:
Dades bibliogràfiques
Autor principal: Bisio, Attilio (autor)
Altres autors: Kabel, Robert L. (autor) (autor)
Format: Llibre
Idioma:anglès
Publicat: Nueva York, EUA : Wiley, 1985, c1985
Matèries:
Etiquetes: Afegir etiqueta
Sense etiquetes, Sigues el primer a etiquetar aquest registre!

MARC

LEADER 00000nam^a2200000^a^4500
001 000117411
005 20250521000000.0
009 20260310094204.821
020 |a 0-471-05747-9 
037 |a Acervo ITESO - Biblioteca 
041 |a ING 
082 |a 660. 28  |b BIS 
100 |a Bisio, Attilio  |e (autor) 
245 1 0 |a Scaleup of Chemical Processes :  |b Conversion from Laboratory Scale Tests to Successful Commercial Size Design /  |c A. Bisio, R.L. Kabel. 
264 4 |a Nueva York, EUA :  |b Wiley,  |c 1985, c1985 
300 |a XVIII, 699 p. 
336 |a texto  |b txt  |2 rdacontenido 
337 |a sin mediación  |b n  |2 rdamedio 
338 |a volumen  |b nc  |2 rdasoporte 
649 |a XX 
650 |a Corredores Industriales 
650 |a Diseño 
650 |a Construcción 
650 |a Planeación de una Industria 
650 |a Industria Química 
650 |a Ingeniería Química 
650 |a Ingeniería Industrial 
650 |a Ingeniería Civil 
700 |a Kabel, Robert L.  |e (autor) 
910 |a Fondo General 
920 |a Impresos - Libros 
930 |a Colección General 
905 |a 101 
901 |a 0500052475  |b IT1  |c ACC  |u 20250521 
902 |a https://opac.biblio.iteso.mx/vufind/Record/000117411